书目信息 |
| 题名: |
思想政治理论课专题教学指导教程
|
|
| 作者: | 王飞 , 朱建 主编 | |
| 分册: | ||
| 出版信息: | 南京 南京大学出版社 2019 |
|
| 页数: | 186页 | |
| 开本: | 26cm | |
| 丛书名: | ||
| 单 册: | ||
| 中图分类: | G711 | |
| 科图分类: | ||
| 主题词: | 思想政治教育--职业大学--教材 | |
| 电子资源: | ||
| ISBN: | 978-7-305-22457-7 | |
| 000 | 00983nam0 2200253 450 | |
| 001 | 012001001865 | |
| 005 | 20140202091038.0 | |
| 010 | @a978-7-305-22457-7@dCNY38.00 | |
| 100 | @a20220905d2019 em y0chiy50 ea | |
| 101 | 0 | @achi |
| 102 | @aCN@b320000 | |
| 105 | @ay z 000yy | |
| 106 | @ar | |
| 200 | 1 | @a思想政治理论课专题教学指导教程@Asi xiang zheng zhi li lun ke zhuan ti jiao xue zhi dao jiao cheng@f王飞,朱建主编 |
| 210 | @a南京@c南京大学出版社@d2019 | |
| 215 | @a186页@d26cm | |
| 300 | @a“十三五”高职院校思想政治理论课教学改革规划教材 | |
| 330 | @a本书分为思想道德修养与法律基础、毛泽东思想和中国特色社会主义理论体系概论两部分,共十五个专题,包括:顺利度过大学生涯、坚定中国特色社会主义理想信念、努力实现人生价值、热爱自己的祖国、践行社会主义核心价值观等。 | |
| 606 | 0 | @a思想政治教育@x职业大学@j教材 |
| 690 | @aG711@v5 | |
| 701 | 0 | @a王飞@Awang fei@4主编 |
| 701 | 0 | @a朱建@Azhu jian@4主编 |
| 801 | 0 | @aCN@bAHXH@c20221111 |
| 905 | @b1367098-101@dG711@e69@f4 | |
| 思想政治理论课专题教学指导教程/王飞,朱建主编.-南京:南京大学出版社,2019 |
| 186页;26cm |
| “十三五”高职院校思想政治理论课教学改革规划教材 |
| ISBN 978-7-305-22457-7:CNY38.00 |
| 本书分为思想道德修养与法律基础、毛泽东思想和中国特色社会主义理论体系概论两部分,共十五个专题,包括:顺利度过大学生涯、坚定中国特色社会主义理想信念、努力实现人生价值、热爱自己的祖国、践行社会主义核心价值观等。 |
| ● |
| 相关链接 |
|
|
|
|
正题名:思想政治理论课专题教学指导教程
索取号:G711/69
 
预约/预借
| 序号 | 登录号 | 条形码 | 馆藏地/架位号 | 状态 | 备注 |
| 1 | 1367098 | 213670981 | 第一样本阅览室/ [索取号:G711/69] | 在馆 | |
| 2 | 1367099 | 213670990 | 教育系资料室/ [索取号:G711/69] | 在馆 | |
| 3 | 1367100 | 213671007 | 教育系资料室/ [索取号:G711/69] | 在馆 | |
| 4 | 1367101 | 213671016 | 第四借阅区/ [索取号:G711/69] | 在馆 |